<?xml version="1.0" encoding="UTF-8"?><?xml-stylesheet type="text/xsl" href="static/style.xsl"?><OAI-PMH xmlns="http://www.openarchives.org/OAI/2.0/" xmlns:xsi="http://www.w3.org/2001/XMLSchema-instance" xsi:schemaLocation="http://www.openarchives.org/OAI/2.0/ http://www.openarchives.org/OAI/2.0/OAI-PMH.xsd"><responseDate>2026-04-14T07:18:07Z</responseDate><request verb="GetRecord" identifier="oai:www.recercat.cat:20.500.12694/7098" metadataPrefix="marc">https://recercat.cat/oai/request</request><GetRecord><record><header><identifier>oai:recercat.cat:20.500.12694/7098</identifier><datestamp>2025-12-18T12:09:09Z</datestamp><setSpec>com_2072_179042</setSpec><setSpec>col_2072_484474</setSpec></header><metadata><record xmlns="http://www.loc.gov/MARC21/slim" xmlns:dcterms="http://purl.org/dc/terms/" xmlns:xsi="http://www.w3.org/2001/XMLSchema-instance" xmlns:doc="http://www.lyncode.com/xoai" xsi:schemaLocation="http://www.loc.gov/MARC21/slim http://www.loc.gov/standards/marcxml/schema/MARC21slim.xsd">
   <leader>00925njm 22002777a 4500</leader>
   <datafield ind2=" " ind1=" " tag="042">
      <subfield code="a">dc</subfield>
   </datafield>
   <datafield ind2=" " ind1=" " tag="720">
      <subfield code="a">Marchal Arjona, Laura</subfield>
      <subfield code="e">author</subfield>
   </datafield>
   <datafield ind2=" " ind1=" " tag="260">
      <subfield code="c">2022-06</subfield>
   </datafield>
   <datafield ind2=" " ind1=" " tag="520">
      <subfield code="a">En aquest treball es pretén indagar sobre la figura femenina al flamenc, contextualitzar la importància de la seva figura i analitzar les veus de determinades cantaores. Per això, es pretén utilitzar una metodologia enfocada en la tècnica de veu i les diferents formes d'anàlisi vocal que trobem a diferents escoles de cant. A més, comptarem amb l'opinió de professionals de diferents àmbits relacionats, les aportacions dels quals seran un valor afegit al nostre estudi. D'aquesta manera, volem conèixer com ha estat l'evolució de la figura femenina al cant i de les capacitats vocals, en particular, que han dominat grans mestres que avui són referents per a qualsevol cantaor o cantaora que es vulgui dedicar professionalment.</subfield>
   </datafield>
   <datafield ind2=" " ind1=" " tag="520">
      <subfield code="a">En este trabajo se pretende indagar sobre la figura femenina en el flamenco, contextualizar la importancia de su figura y analizar las voces de determinadas cantaoras. Para ello, se pretende utilizar una metodología enfocada en la técnica de la voz y las diferentes formas de análisis vocal que encontramos en diferentes escuelas de canto. Además, contaremos con la opinión de profesionales de diferentes ámbitos relacionados, cuyas aportaciones serán un valor añadido a nuestro estudio. De esta forma, deseamos conocer cómo ha sido la evolución de la figura femenina en el cante y de las capacidades vocales, en particular, que han dominado grandes maestras que hoy son referentes para cualquier cantaor o cantaora que quiera dedicarse profesionalmente.</subfield>
   </datafield>
   <datafield ind2=" " ind1=" " tag="520">
      <subfield code="a">This work aims to investigate the female figure in flamenco, contextualize the importance of her figure, and analyze the voices of certain female singers. For this, a methodology focused on voice technique and the different forms of vocal analysis found in various singing schools will be used. In addition, we will have the opinions of professionals from different related fields, whose contributions will be an added value to our study. In this way, we aim to understand how the female figure has evolved in cante and vocal abilities, in particular, those that have been mastered by great female teachers who today are benchmarks for any singer who wants to pursue a professional career.</subfield>
   </datafield>
   <datafield ind1="8" ind2=" " tag="024">
      <subfield code="a">http://hdl.handle.net/20.500.12694/7098</subfield>
   </datafield>
   <datafield tag="653" ind2=" " ind1=" ">
      <subfield code="a">TFG Música tradicional</subfield>
   </datafield>
   <datafield tag="653" ind2=" " ind1=" ">
      <subfield code="a">Dones en el flamenc</subfield>
   </datafield>
   <datafield tag="653" ind2=" " ind1=" ">
      <subfield code="a">Cantants de flamenc</subfield>
   </datafield>
   <datafield tag="653" ind2=" " ind1=" ">
      <subfield code="a">Flamenc, Música de--Anàlisi i apreciació</subfield>
   </datafield>
   <datafield tag="653" ind2=" " ind1=" ">
      <subfield code="a">Veu--Conreu</subfield>
   </datafield>
   <datafield ind2="0" ind1="0" tag="245">
      <subfield code="a">Análisis de las voces flamencas femeninas</subfield>
   </datafield>
</record></metadata></record></GetRecord></OAI-PMH>